| 000 | 00719nam a22002057a 4500 | ||
|---|---|---|---|
| 999 |
_c7682 _d7682 |
||
| 003 | AR-CdUCM | ||
| 008 | 190321b ||||| |||| 00| 0 spa d | ||
| 040 |
_aMUNICIPALIDAD PROVINCIAL DEL CUSCO _cBIBLIOTECA MUNICIPAL DEL CUSCO |
||
| 082 |
_a530.076 / _bM42 |
||
| 100 |
_aMendoza Dueñas, Jorge _921686 |
||
| 245 | _aFísica general / | ||
| 260 |
_aLima : _bJorge Mendoza Dueñas, _c2003 |
||
| 300 |
_a684 páginas ; _bIlustraciones, _c20 cm. |
||
| 505 | _aMagnitudes físicas -- vectores -- Cinemática -- Estática -- Dinámica -- Trabajo potencia- energía ... | ||
| 650 |
_aFísica _92382 |
||
| 650 |
_aProblemas y ejercicios _919781 |
||
| 650 |
_aCuadernos de trabajo _93321 |
||
| 942 |
_2ddc _cLIBROS |
||
| 945 | _aacv | ||